Online
Catalog

Pueblo; : (Record no. 19094)

MARC details
000 -CABECERA
campo de control de longitud fija 00632cam a22002171 4500
001 - NÚMERO DE CONTROL
campo de control 000019578
005 - FECHA Y HORA DE LA ÚLTIMA TRANSACCIÓN
campo de control 20200929170050.0
008 - DATOS DE LONGITUD FIJA--INFORMACIÓN GENERAL
campo de control de longitud fija 751208s1957 sp 000 0 spa
010 ## - NÚMERO DE CONTROL DE LA BIBLIOTECA DEL CONGRESO
Número de control de LC 67120896
035 ## - NÚMERO DE CONTROL DEL SISTEMA
Número de control de sistema (OCoLC)1881001
040 ## - FUENTE DE LA CATALOGACIÓN
Centro catalogador/agencia de origen DO-SdBNP
Centro/agencia transcriptor FMU
Centro/agencia modificador FM
-- DLC
042 ## - CÓDIGO DE AUTENTICACIÓN
Código de autenticación premarc
050 00 - SIGNATURA TOPOGRÁFICA DE LA BIBLIOTECA DEL CONGRESO
Número de clasificación PQ6623.A816
Número de documento/Ítem P75 1957
100 0# - ENTRADA PRINCIPAL--NOMBRE DE PERSONA
Nombre de persona Azorin,
Fechas asociadas al nombre 1873-1967
9 (RLIN) 5278
245 10 - MENCIÓN DE TÍTULO
Título Pueblo; :
Resto del título novela de los que trabajan y sufren /
Mención de responsabilidad, etc. [por] Azorin.
250 ## - MENCIÓN DE EDICIÓN
Mención de edición 2. ed.
260 ## - PUBLICACIÓN, DISTRIBUCIÓN, ETC.
Lugar de publicación, distribución, etc. [Madrid] :
Nombre del editor, distribuidor, etc. Espasa-Calpe,
Fecha de publicación, distribución, etc. [1957].
300 ## - DESCRIPCIÓN FÍSICA
Extensión 153 p. ;
Dimensiones 18 cm.
490 0# - MENCIÓN DE SERIE
Mención de serie Coleccion austral,
Designación de volumen o secuencia no. 910
910 ## - DATOS DE OPCIÓN DEL USUARIO (OCLC)
Datos de opción del usuario Catalogación derivada / LC
Holdings
Estado de retiro Estado de pérdida Restricciones de uso No para préstamo Código de colección Localización permanente Ubicación/localización actual Ubicación en estantería Fecha de adquisición Número de inventario Total de préstamos Signatura topográfica completa Código de barras Fecha visto por última vez Precio válido a partir de Tipo de ítem Koha
      Excluido de préstamo Monografías: Libros y Folletos General General En catalogación 30.06.2010 LF1   19578-10 25.06.2020 25.06.2020 No se presta

Powered by Koha